000 00737nam a22002177a 4500
999 _c19791
_d19791
003 AR-CdUCM
008 190522b ||||| |||| 00| 0 spa d
040 _aMUNICIPALIDAD PROVINCIAL DEL CUSCO
_cBIBLIOTECA MUNICIPAL DEL CUSCO
082 _a728.1 /
_bP47
100 _aPeters, Paulhans
_913877
245 _aresidencias colectiva /
260 _aEspaña :
_bGustavo Gili,
300 _a102 páginas ;
_c26 cm.
440 _aTemas de arquitectura actual
_n6
_941391
505 _aContenido : Residencia para estudiantes -- Residencia femenina -- Hotel para estudiantes...
650 _aArquitectura actual
_941392
650 _aTipos de viviendas
_941393
650 _aAlbergue juvenil
_941394
942 _2ddc
_cLIBROS
945 _arcc